Jusqu'où irez vous ? #17 (Culture Générale) - Statistiques

Statistiques générales
  • Ce quiz a été pris 162 fois
  • Le résultat moyen est 13 sur 50
Statistiques - réponses
Hint Réponse % Correct
Octante = ?? 80
100%
La durée de la guerre de Trente Ans (Conflit qui ravagea l'Europe, particulièrement le Saint Empire même si elle se prolongea entre la France et l'Espagne) 30
85%
Le nombre de lettres de l'alphabet espagnol 27
81%
En histoire, il est associé à la Seconde Guerre mondiale = 39-?? 45
80%
Conte oriental mis par écrit pour la première fois par Antoine Galland en 1701 : Ali Baba et les ?? Voleurs 40
78%
Expression française familière, voire argotique dont le nombre serait une déformation du juron « vingt dieux », lui-même étant une déformation de « vain(s) Dieu(x) »
??, v'là les flics !
22
76%
Le pourcentage équivalent à un demi 50
75%
La ligne téléphonique du don pour le Téléthon = 36 ?? 37
71%
Aire géographique du Nevada aux États-Unis où se trouve une base militaire dite secrète, et où sont testés entre autres des appareils expérimentaux : Zone ?? 51
68%
Le numéro du département français d'Eure-et-Loir 28
62%
Le numéro du département français de la Moselle 57
57%
Numéro de département où se trouve : Haguenau
Molsheim
Saverne
Sélestat
67
50%
L'URSS a été dissoute en décembre 19?? 91
46%
Le nombre de cents de dollar d'un quarter, une pièce des États-Unis où figure le portrait de George Washington 25
41%
Ancienne route américaine qui reliait Chicago (Illinois) à Santa Monica (Californie), près de Los Angeles, entre les années 1926 et 1985 : La route ?? 66
40%
Deux derniers nombres du nom de la bière qui fait référence à l'année de fondation de Kronenbourg et qui a pour slogan « Brassée avec Savoir-Faire depuis 16?? » 64
38%
Jeu de plateau avec figurines ayant pour thème la Seconde Guerre mondiale : Mémoire ?? 44
37%
La bonne réponse exact la plus élevée possible à une question de ce quiz 92
37%
Complétez l'année où Diego Maradona marque son but de la main face à l'Angleterre en quart de finale de la Coupe du Monde de Football (qu"il qualifiera de "la main de Dieu") : le 22 juin 19??
86
33%
À la fois nombre premier jumeau avec 29 et nombre premier sexy avec 37 31
22%
Berline conçue par le constructeur automobile français Renault, produite de novembre 1975 à début 1984 : La Renault ?? Ci-dessous la Renault ?? TL de 1978
20
17%
Dans le ??e épisode de la série télévisée The Big Bang Theory, Sheldon Cooper (qui porte ce nombre à ce moment sur son T-shirt) le considère comme étant « le meilleur nombre » et son préféré, argumentant en exposant ses caractéristiques mathématiques. Il correspond également à l'année de naissance de son interprète, Jim Parsons (né en 19??) 73
14%
Nombre obtenu en convertissant le prénom de cet actrice qui est un nombre romain en nombre arabe (elle a joué Arwen dans les Seigneurs des Anneaux notamment) : _ _ _ Tyler = ??
54
12%
Le nombre de syllabes dans un haïku (forme poétique d'origine japonaise extrêmement brève, célébrant l'évanescence des choses et les sensations qu'elles suscitent) 17
11%
Le nombre d'albums de Tintin, en comptant l'album inachevé Tintin et l'Alph-Art 24
10%
Joe Biden est le ??ème président des États-Unis, en fonction du 20 janvier 2021 au 20 janvier 2025 46
10%
Au rugby à XV, une « ?? » est une combinaison classique en mêlée fermée : une fois que le ballon lui arrive, le troisième ligne centre (no ?) se détache du reste de la mêlée et s'en saisit, pour ensuite passer au demi de mêlée (no ?) resté en arrière du pack 89
5%
Préfixe grec : pentacontakaipenta = ?? 55
4%
Possède la propriété "amusante" d'être le seul nombre dont le cube et le carré contiennent tous les chiffres de zéro à neuf une seule fois : ?? au carré = 4761 et ?? au cube = 328509 69
4%
Complétez l'année de la mort du chef de l'État espagnol Franco : 19?? 75
4%
Révolution iranienne qui a transformé l'Iran en république islamique, renversant l'État impérial d'Iran et la dynastie Pahlavi : Révolution de 19?? 79
4%
Film américain réalisé par Robert Mulligan, sorti en 1971. Pour la composition de sa musique originale, Michel Legrand reçoit un Oscar ainsi qu'un Grammy Award de la meilleure composition instrumentale pour le thème du film : Un été ?? 42
3%
Le 11 décembre 1816, l'Indiana fut le ?? ème à entrer dans l'union des États-Unis 19
2%
Le nombre de Bitcoins en millions destinés à être mis en circulation sur le marché 21
2%
L'axe de la Terre est incliné par rapport au plan orbital de ??,5 degrés 23
2%
Le nombre de cantons en Suisse 26
2%
En degrés Fahrenheit, c'est le point de congélation de l'eau au niveau de la mer 32
2%
Le nombre de vertèbres d'une colonne vertébrale humaine normale 33
2%
Le nombre de buts marqué par Michel Platini en 72 sélections en équipe de France de Football 41
2%
Le 3e nombre de Carol ((2^n – 1)^2 – 2) est :
–1 7 ?? 223 959 3967 16127
47
2%
Le nombre de touches blanches sur un piano standard 52
2%
Le plus petit nombre ayant exactement 12 diviseurs 60
2%
Le titre d'une chanson de Lomepal de 2017, dans lequel il parle de son hygiène de vie qu'il considère comme peu saine et qu'il ne vivra pas jusqu'à ses ?? ans, de l'envie de gagner beaucoup d'argent avant de mourir et enfin de sa nostalgie des années ?? une époque qu'il n'a pas vécu où il pense qu'il vivrait mieux. 70
2%
Dans Retour vers le Futur, c’est le nombre de miles par heure que doit atteindre la Delorean de Doc Emmett Brown pour voyager dans le temps 88
2%
Le nombre de centres à contrôler pour gagner par « solo » au jeu Diplomatie. (C’est un jeu de simulation historique et un jeu de négociation ayant comme thème l’Europe au début du XXe siècle.) Pour gagner à Diplomatie, une grande puissance doit contrôler ?? arsenaux à la fin d'une année de jeu, cela veut dire que le joueur contrôle l'Europe. (Le jeu peut aussi se terminer après un certain temps préalablement décidé.)
18
1%
Mème Internet et catégorie pornographique ou érotique, suggérant que sur n'importe quel sujet, il existe un équivalent pornographique = La règle ?? 34
1%
Dans l'univers de fiction Stargate, un vortex ne peut rester ouvert que ?? minutes. 38
1%
Au baseball, le nombre de jeux consécutifs dans lesquels Joe DiMaggio eu une base en 1941, ce qui est toujours un record 56
1%
Le nombre de langues parlées à la Tour de Babel d'après la Bible 72
1%
La durée en années terrestres de la révolution de la planète Uranus autour du Soleil 84
1%
Aucun quiz correspondant
Distribution des résultats
% des personnes avec chaque résultat
Percentile par nombre de réponses
Votre historique - résultats
Vous n’avez pas pris ce quiz